000 05781cam a2201897Mc 4500
003 PE-LiUPU
005 20250813165953.0
008 110714s2011 sp a b 000 0 spa d
020 _a8496709655
020 _a9788496709652
035 _a(Sirsi) i9788496709652
040 _aBNM
_bspa
_cBNM
_dPE-LiUPU
_erda
049 _aPRUA
082 _a613.29
_bA49
_220
082 0 4 _a613.29
_bA49 2011
_221
100 1 _aÁlvarez Cruz, Néstor Segundo,
_eautor.
245 1 4 _aLos alimentos funcionales :
_bUna oportunidad para una mejor salud /
_cNéstor Segundo Álvarez Cruz, Ana Julia Bague Serrano.
250 _aPrimera edición.
264 _aMadrid :
_bA. Madrid Vicente,
_c2011.
300 _a383 páginas :
_bilustraciones ;
_c24 centímetros
336 _text
_2rdacontent
337 _unmediated
_2rdamedia
338 _volume
_2rdacarrier
504 _aBibliografía: páginas 377-383.
505 2 _aIntroducción -- Prebióticos. sus caracterisiticas. principales compuestos prebióticos -- Probióticos. tecnología de elaboración. productos en el mercado -- Antioxidantes naturales. qué es la oxidación. mecanismos antioxidantes. antioxidantes derivados de vitaminas, minerales y plantas -- Anticolesterolémicos. vino tinto. propiedades anticolesterolémicas. policosanol el huevo y su contenido nutricional -- Fitonutrientes principales tipos. tecnologias de producción. productos en el mercado. los germinados. el licopeno -- Aguas minerales. su clasificación. efectos beneficiosos para la salud -- Microalgas y macroalgas. sus cualidades como alimentos funcionales. los hongos -- La fibra dietética -- Los derivados de la quitina -- Las bebidas estimulantes tradicionales -- Cáncer y alimentación -- Los prductos de la colmena -- guia para una mejor alimentación -- Los alimentos transgénicos -- intoxicaciones alimentarias -- La alimentación en los tiempos actuales -- Nuevos conceptos.
526 _aP203
526 _aP200
526 _aSEG65
526 _aSEG64
526 _aSEG63
526 _aSEG62
526 _aSEG61
526 _aSEG60
526 _aSEG59
526 _aSEG58
526 _aSEG57
526 _aSEG56
526 _aSEG55
526 _aSEG54
526 _aSEG53
526 _aSEG52
526 _aSEG51
526 _aSEG50
526 _aSEG49
526 _aSEG48
526 _aSEG47
526 _aSEG46
526 _aSEG24
526 _aSEG23
526 _aSEG22
526 _aSEG21
526 _aSEG20
526 _aSEG19
526 _aSEG18
526 _aSEG17
526 _aSEG16
526 _aSEG14
526 _aSEG13
526 _aSEG12
526 _aSEG11
526 _aSEG10
526 _aSEG09
526 _aSEG06
526 _aSEG05
526 _aSEG04
526 _aSEG03
526 _aSEG02
526 _aSEG68
526 _aSEG66
526 _aSEG45
526 _aSEG25
526 _aSEG01
526 _aP163
526 _aP162
526 _aP161
526 _aP160
526 _aP159
526 _aP158
526 _aP157
526 _aP156
526 _aP155
526 _aP154
526 _aP153
526 _aP152
526 _aP151
526 _aP150
526 _aP149
526 _aP142
526 _aP141
526 _aP140
526 _aP139
526 _aP138
526 _aP137
526 _aP132
526 _aP131
526 _aP130
526 _aP126
526 _aP125
526 _aP124
526 _aP123
526 _aP115
526 _aP122
526 _aP121
526 _aP116
526 _a P114
526 _aP112
526 _aP111
526 _aP104
526 _aP103
526 _aP102
526 _aP101
526 _aP100
526 _aP96
526 _aP95
526 _aP93
526 _aP92
526 _aP91
526 _aP88
526 _aP83
526 _aP82
526 _aP79
526 _aP78
526 _aP75
526 _aP74
526 _aP71
526 _aP69
526 _a P51
526 _aP49
526 _aP48
526 _aP47
526 _aP33
526 _aP31
526 _a P30
526 _aP29
526 _aP27
526 _aP26
526 _aP25
526 _aP24
526 _a P22
526 _aP10
526 _aP09
526 _a P08
526 _aP06
526 _aP05
526 _aP04
526 _aP01
541 _g0020-0000879;
541 _g001-00003175;
650 1 7 _aAlimentos funcionales
_2embne
700 1 _aBague Serrano, Ana Julia,
_eautor.
910 _jck
_bhop
_chop
_d20160704
910 _btqv
_caic
_d20170201
942 _2ddc
_cBOOK
949 _a613.29 A49
_wDEWEY
_c1
_i73974
_lCATALOGING
_mBUL
_p54.96
_r0
_sY
_tBOOK
_u2016-07-04
_xINGENIERIA
_PP26
_0COMPRA
_o.STAFF. Colección General
949 _a613.29 A49 2011
_wDEWEY
_c1
_iFJ06388
_lCCODEBUJ1
_mBUJ
_p70.00
_r0
_sY
_tBOOK
_u2017-02-02
_xINGENIERÍA
_PP26
_0COMPRA
_o.STAFF. Colección General Juliaca
994 _aC0
_bPEPRU
596 _a1 3
999 _a664.1 A45
_wDEWEY
_c56269
_i69467
_d56269
_e2018-4-19
_f2021-11-3
_g5
_lCCODEBUL1
_mBUL
_n6
_p70.00
_q2
_r0
_sY
_tBOOK
_u2015-7-6
_xSALUD
_PP26
_0COMPRA
_o.STAFF. Colección General
999 _a613.29 A49 2011
_wDEWEY
_c1
_iFJ06388
_f2022-1-25
_g4
_lCCODEBUJ1
_mBUJ
_p70.00
_r0
_sY
_tBOOK
_u2015-9-14
_xINGENIERIA
_PP26
_0COMPRA
_o.STAFF. Colección General Juliaca
999 _a613.29 A49
_wDEWEY
_c1
_i73974
_d2018-5-27
_e2018-5-25
_f2021-11-4
_g7
_lCCODEBUL1
_mBUL
_n9
_p54.96
_r0
_sY
_tBOOK
_u2016-7-4
_xSALUD
_PP26
_0COMPRA
_o.STAFF. Colección Ingeniería y Arquitectura
980 _81
_gALBERTO SANCHEZ Responsable de Automatización